Statistics for U.S. Presidents That Have Met Queen Elizabeth II

Click here to take the quiz!

General Stats

  • This quiz has been taken 309 times
  • The average score is 12 of 13

Answer Stats

US PresidentDate of first meeting% Correct
Donald TrumpJune 3 ,2019
99%
Barack ObamaMay 24, 2011
98%
George H.W. BushMay 14, 1991
98%
George W. BushMay 7, 2007
98%
Joe BidenJune 13, 2021
98%
Bill ClintonDecember 14, 2000
94%
John F. KennedyJune 15, 1961
93%
Ronald ReaganJune 8, 1982
93%
Jimmy CarterMay 7, 1977
90%
Richard NixonUnspecified (1970)
90%
Dwight EisenhowerOctober 18, 1957
89%
Gerald FordUnspecified (1976)
85%
Harry S. TrumanOctober 31, 1951
84%

Score Distribution

Percentile by Number Answered

Percent of People with Each Score

Your Score History

You have not taken this quiz